000 00574nam a22002537a 4500
003 UA-OsUOA
001 22107
007 ta
008 20031217b un ||||| |||| 00| 0 ukr d
100 _aМаркузе Герберт
090 _a130.2
_bМ27
942 _cBK
040 _aUA-OsUOA
_brus
_cUA-OsUOA
_dUA-OsUOA
245 _aЄрос и цивилизация
300 _a352 с.
955 _a0
041 _arus
080 _a130.2
020 _a5-77-07-5037-5
260 _aКиев
_bИСА
_c1995
044 _aUA
650 7 _2UDC
999 _c308321
_d308321